|
|
|
|
| LEADER |
02158nam a2200505 a 4500 |
| 001 |
nkc20112179024 |
| 003 |
CZ PrNK |
| 005 |
20120330101007.0 |
| 007 |
ta |
| 008 |
110418s2011 xr e f 000 0 cze |
| 015 |
|
|
|a cnb002179024
|
| 020 |
|
|
|a 978-80-86998-43-5
|q (brož.)
|
| 035 |
|
|
|a (OCoLC)730408507
|
| 040 |
|
|
|a ABA001
|b cze
|
| 072 |
|
7 |
|a 616
|x Patologie. Klinická medicína
|2 Konspekt
|9 14
|
| 080 |
|
|
|a 617.58-005.4
|2 MRF
|
| 080 |
|
|
|a 616-07
|2 MRF
|
| 080 |
|
|
|a 616-08
|2 MRF
|
| 080 |
|
|
|a (035)
|2 MRF
|
| 100 |
1 |
|
|a Karetová, Debora,
|d 1958-
|7 xx0000360
|4 aut
|
| 245 |
1 |
0 |
|a Ischemická choroba dolních končetin :
|b doporučený diagnostický a léčebný postup pro všeobecné praktické lékaře 2011 /
|c autoři Debora Karetová, Karel Roztočil, Otto Herber ; spoluautoři Dana Moravčíková, Jana Vojtíšková
|
| 250 |
|
|
|a 1. vyd.
|
| 260 |
|
|
|a Praha :
|b Společnost všeobecného lékařství ČLS JEP, Centrum doporučených postupů pro praktické lékaře,
|c 2011
|
| 300 |
|
|
|a 12 s. ;
|c 30 cm
|
| 490 |
1 |
|
|a Doporučené postupy pro praktické lékaře
|
| 504 |
|
|
|a Obsahuje bibliografii
|
| 650 |
0 |
7 |
|a ischemická choroba dolních končetin
|7 ph271405
|2 czenas
|
| 650 |
0 |
7 |
|a diagnostika (lékařství)
|7 ph114312
|2 czenas
|
| 650 |
0 |
7 |
|a terapie
|7 ph116435
|2 czenas
|
| 650 |
0 |
9 |
|a ischemic limb disease
|2 eczenas
|
| 650 |
0 |
9 |
|a medical diagnostics
|2 eczenas
|
| 650 |
0 |
9 |
|a therapy
|2 eczenas
|
| 655 |
|
7 |
|a příručky
|7 fd133209
|2 czenas
|
| 655 |
|
9 |
|a handbooks and manuals
|2 eczenas
|
| 700 |
1 |
|
|a Roztočil, Karel,
|d 1941-
|7 jk01102954
|4 aut
|
| 700 |
1 |
|
|a Herber, Otto,
|d 1956-
|7 mzk2006363478
|4 aut
|
| 700 |
1 |
|
|a Moravčíková, Dana,
|d 1959-
|7 xx0072649
|4 ctb
|
| 700 |
1 |
|
|a Vojtíšková, Jana
|7 xx0081859
|4 ctb
|
| 830 |
|
0 |
|a Doporučené postupy pro praktické lékaře
|0 s
|
| 910 |
2 |
|
|a BOA001
|b 4-1266.353
|
| 928 |
9 |
|
|a Česká lékařská společnost J.E. Purkyně, Společnost všeobecného lékařství, Centrum doporučených postupů pro praktické lékaře
|
| 990 |
|
|
|a BK
|
| 995 |
|
|
|a 01
|
| 991 |
|
|
|b 201105
|c NOV
|e n
|
| 996 |
6 |
|
|b 2610478138
|c 4-1266.353
|l MZK
|r Sklad / do 1 hodiny
|n 1
|p p.v.
|w 001179346
|u 000010
|a 1
|e BOA001
|j MZK50
|s P
|